| 000 | 00575nam a2200193 i 4500 | ||
|---|---|---|---|
| 001 | 89771 | ||
| 003 | ES-MaACL | ||
| 005 | 20250815110837.0 | ||
| 007 | t| | ||
| 008 | 050112s1913 fr ||||1| fre d | ||
| 100 | 1 |
_aLaunay, Louis de ( _d1860-1938) _970603 |
|
| 245 | 1 | 3 |
_aLa science géologique / _cpar L. de Launay. |
| 250 | _a2ème éd. rev. et aug. | ||
| 260 |
_aParis : _bArmand Colin, _c1913 ( _eEvreux : _fPaul Herissey) |
||
| 300 |
_aVIII, 775 p. ; _c25 cm. |
||
| 650 | 0 | 7 |
_aGeología _2embne _913086 |
| 852 |
_aES-MaACL _jD-534 |
||
| 999 |
_c89771 _d89771 |
||